000 00977nam a2200289Ia 4500
000 nam a22 i 4500
001 UNACH-4157
007 ta
008 221212s ||||fr|||| 00| | spa d
041 0 _aspa
082 0 4 _a370.15
_bPsicologia Educativa
100 1 _aCanova, Francisco,
_eautor
245 1 0 _aPsicología evolutiva del niño (0 a 6 años).
250 _a7a ed
264 3 1 _a[Bogotá] :
_aColombia :
_bEdiciones San Pablo,
_c1998
300 _a159 páginas :
_bilustraciones y tablas
336 _atexto
_btxt
_2rdacontent
337 _ano mediado
_bn
_2rdamedia
338 _avolumen
_bnc
_2rdacarrier
505 0 _aLos tres desarrollos.-- El desarrollo simétrico.-- El desarrollo mental.-- El desarrollo de la personalidad.-- El primer mes de vida.-- Del segundo al sexto mes de vida.
650 1 4 _aAPARATO LOCOMOTOR
650 2 4 _aDEDO EN LA BOCA
650 2 4 _aPRIMERA SONRISA
653 0 _aPsicología Educativa
942 _2ddc
_c1
_n0
999 _c3362
_d3362